Breviario civil. 6, Las sucesiones en derechos forales

Detalles Bibliográficos
Autor principal: Faus, Manuel
Formato: Desconocido
Lenguaje:español
Publicado: [Barcelona] : vLex, 2008
Materias:
Acceso en línea:Acceso restringido

MARC

LEADER 00000ny a22000003n 4500
005 20110617135623.0
008 080925s20089999sp r s 000 a0spa c
035 |a 455 
040 |a UMA.RE  |d vLex 
080 |a 347(460)(051) 
080 |a 347.65/.68(460.22)(051) 
090 |c 831  |d 831 
100 1 |a Faus, Manuel 
245 1 0 |a Breviario civil.  |n 6,  |p Las sucesiones en derechos forales  |h [Recurso electrn̤ico]  |c Manuel Faus 
256 |a Servicio en ln̕ea 
260 |a [Barcelona] :  |b vLex,  |c 2008 
506 1 |a Contenido solo disponible en los productos indicados  |d vLex Global  |d vLex Global (Academic Edition, excluding Law Schools)  |d vLex Global (U.S. Academic Edition, Law Schools)  |d vLex Global (U.S. Academic Edition, excluding Law Schools)  |d vLex Global (Academic Edition, Law Schools) 
650 0 7 |a Civil  |2 Tesauro vLex 
650 0 7 |a Sucesorio  |2 Tesauro vLex 
650 0 7 |2 Tesauro vLex  |a Derecho foral 
650 0 7 |2 Tesauro vLex  |a Sucesiones 
650 0 7 |2 Tesauro vLex  |a Derecho de sucesiones 
740 0 |a vLex Libros (Servicios en ln̕ea) 
856 4 0 |z Acceso restringido  |u http://vlex.com/source/455 
942 |c BOOK 
999 0 |a Civil Law   |b Barcelona